000 01316nam a2200409 a 4500
003 AR-BaBNM
005 20251128205351.0
008 082120s2002 ||||||||||||||000 | spa||
020 _a84-7774-052-6
040 _cAR-BaBNM
100 1 _aTough, Joan
245 0 0 _aLenguaje, conversación y educación
_bel uso curricular del habla en la escuela desde los siete años
260 _aMadrid
_bVisor
_c1989
300 _a277 p.
_btablas, diagr., il.
490 0 _aAprendizaje
_vv. 52
500 _aIndice temático: p. 273-278
504 _aBibliografía: p. 271-272
610 2 4 _aSchools Council Communication Skills Project
650 4 _aLENGUAJE
650 4 _aLENGUAJE DEL NIÑO
650 4 _aDESARROLLO DEL NIÑO
650 4 _aDESARROLLO DEL LENGUAJE
650 4 _aEXPRESION ORAL
650 4 _aENSEÑANZA DE LA EXPRESION ORAL
653 _aENSENANZA DE LA LENGUA
653 _aCOMPRENSION LECTORA
700 1 _aSánchez, Pilar
_etraductor
700 1 _aRodríguez, Rosario
_etraductor
700 1 _aQuiroga, María Angeles
_etraductor
700 1 _aSánchez, Silvia
_etraductor
700 1 _aRodríguez, Eva
_etraductor
700 1 _aBlanco, María Soledad
_erevisión
800 1 _aAlvarez, Amelia
_edirector
800 1 _aDel Río, Pablo
_edirector
942 _cBK
998 _csilvi
999 _c11121
_d11121